| 000 | 00591nam a2200193 a 4500 | ||
|---|---|---|---|
| 005 | 20230304063627.0 | ||
| 008 | 991125s1979 mx 000 0 spa u | ||
| 020 | _a9683400434 | ||
| 035 | _aUPN01000045298 | ||
| 049 | _aCG | ||
| 050 | 4 |
_aPQ7256 _bP6.5 |
|
| 245 | 0 | 0 |
_aPoesía mexicana II : _b1915-1979 / _cintrod., selec. y notas de Carlos Monsiváis. |
| 260 |
_aMéxico : _bPROMEXA, _c1979 |
||
| 300 | _a2 v. | ||
| 440 | 0 | _aClásicos de la literatura mexicana | |
| 650 | 2 |
_aPoesía mexicana _vColecciones _91274 |
|
| 700 | 1 |
_aMonsiváis, Carlos, _d1938-2010 _ecomp. _928357 |
|
| 905 | _aLibro | ||
| 999 |
_c45298 _d45298 |
||